Historia económica de la argentina (Registro nro. 4712)

Detalles MARC
000 -LEADER
fixed length control field 01840 a2200193 4500
001 - CONTROL NUMBER
control field 48775
005 - DATE AND TIME OF LATEST TRANSACTION
control field 20260407155753.0
008 - FIXED-LENGTH DATA ELEMENTS--GENERAL INFORMATION
fixed length control field 260407a1971 arg spa d
003 - CONTROL NUMBER IDENTIFIER
control field AR-UNSa-BCEJYS
040 ## - CATALOGING SOURCE
Original cataloging agency AR-UNSa-BCEJYS
Language of cataloging spa
Transcribing agency AR-UNSa-BCEJYS
080 ## - UNIVERSAL DECIMAL CLASSIFICATION NUMBER
Universal Decimal Classification number 94(82):33
Common auxiliary subdivision Historia Económica Argentina
100 1# - MAIN ENTRY--PERSONAL NAME
Personal name Ortiz, Ricardo M.
245 10 - TITLE STATEMENT
Title Historia económica de la argentina
264 #1 - PRODUCTION, PUBLICATION, DISTRIBUTION, MANUFACTURE, AND COPYRIGHT NOTICE
Place of production, publication, distribution, manufacture Buenos Aires :
Name of producer, publisher, distributor, manufacturer Plus Ultra
Date of production, publication, distribution, manufacture, or copyright notice 1971
300 ## - PHYSICAL DESCRIPTION
Extent 2v.(345; 367 p.)
Dimensions 21 cm.
505 ## - FORMATTED CONTENTS NOTE
Formatted contents note Vol. I. Primera Parte: LA SITUACIÓN EUROPEA DURANTE LA PRIMERA MITAD DEL SIGLO XIX: 1. Los hechos y las ideas económicas europeas y su transcendencia en la Argentina -- Segunda Parte: EL CICLO DE PREDOMINIO DE LA LANA: 1852-80: 1. Las industrias agropecuarias - 2. La población y los oficios - 3. La organización de los medios de transporte - 4. La política y monetaria desde Caseros hasta la ley de 1881 - 5. El comercio exterior en el período 1861-80 -- Tercera Parte: EL PERIODO DE INSTALACIÓN DEL FRIGORIFICO: 1880-99: 1. Desarrollo de las industrias agropecuarias - 2. Industrias derivadas de las agropecuarias - 3. La minería - 4. La colonización y el problema de la tierra - 5. La población en la última decena del siglo XIX - 6. Desenvolvimiento de los transportes - 7. Política financiera en el período 1880-99 - 8. El comercio exterior en el período 1880-99.<br/>Vol. II. Cuarta Parte: 1. La expansión de los establecimientos frigoríficos - 2. Aspectos complementarios de la ubicación y expansión del frigorífico - 3. La ganadería - 4. La agricultura - 5. Industrias derivadas de la agricultura - 6. La minería - 7. La población - 8. La industria manufacturera - 9. Los medios de transporte - 10. La política financiera - 11. Desarrollo del comercio exterior.
590 ## - LOCAL NOTE (RLIN)
Local note niveau_biblio:m niveau_hierar:0
942 ## - ADDED ENTRY ELEMENTS (KOHA)
Koha item type
Existencias
Withdrawn status Lost status Damaged status Not for loan Home library Current library Shelving location Date acquired Total checkouts Full call number Barcode Date last seen Price effective from Koha item type
        Biblioteca Prof. Eusebio Cleto del Rey Biblioteca Prof. Eusebio Cleto del Rey   07/04/2026   94(82):33 O77 v.1 L23505 07/04/2026 07/04/2026 Libro
        Biblioteca Prof. Eusebio Cleto del Rey Biblioteca Prof. Eusebio Cleto del Rey   07/04/2026   94(82):33 O77 v.2 L23506 07/04/2026 07/04/2026 Libro